000 00314 a2200145 4500
001 167041
020 _a
040 _cMagnum
100 _aKourganoff, Wladimir
240 1 0 _aA face oculta da universidade
_lpor
245 1 0 _aA face oculta da universidade
362 0 _a1899
697 _aENSINO
942 _cBK
999 _c167041
_d167041